000 01509nam a22002897a 4500
003 OSt
005 20250323203643.0
008 250307b ||||| |||| 00| 0 eng d
040 _bEnglish.
_cCvSU-CCAT Campus Library.
_erda.
050 _aUM HF 5549.5.T7
_bM38 2008
100 _aMatic, Ferdinand A., author.
_914778
245 _aFactors that motivate the graduates of the Bachelor of Science in Industrial Technology and Bachelor of Science in Hotel and Restaurant Management of Cavite State University-Rosario to undergo on-the-job training abroad /
_cFerdinand A. Matic, Josephine D. Sagge, and Maribel A. Salvacion.
260 _aRosario, Cavite :
_bCavite State University-CCAT Campus,
_c2008
300 _aix, 45 leaves :
_billustrations ;
_c28 cm
500 _aUndergraduate Thesis (BSIE Major in Automotive Mechanical and Foods Technology) -- Cavite State University-CCAT Campus, 2008.
504 _aIncludes bibliographical references and appendices.
546 _aIn English text
650 _aOn-the-Job Training (OJT).
_915384
650 _aBachelor of Science in Industrial Technology (BSIT).
_915385
650 _aBachelor of Science in Hotel and Restaurant Management.
_915386
650 _aMotivational factors.
_915387
700 _aSagge, Josephine D., author.
_914779
710 _aSalvacion, Maribel A., author.
_914780
711 _aAlvarez, Nextor M., adviser.
_914781
942 _2lcc
_cT/M/D
_kUM
_hHF 5549.5.T7 M38 2008
999 _c3927
_d3927